| 000 | 00678nam a2200205Ia 4500 | ||
|---|---|---|---|
| 003 | GCL | ||
| 008 | 140319s9999 xx 000 0 ara d | ||
| 040 |
_aGCL / _cGCL |
||
| 082 | 0 | 4 |
_a811.9567 _bى ش |
| 100 | 1 | _aيوسف عزالدين | |
| 245 | 1 | 0 |
_aالشعر العراقى الحديث والتيارات السياسية والاجتماعية / _cيوسف عزالدين |
| 260 |
_a[S.N] : _bدار المعارف ، _c1977 |
||
| 300 | _a266 ص | ||
| 490 |
_aمكتبة الدراسات الادبية _v0 |
||
| 650 | 0 | 4 | _aالشعر العربى |
| 650 | 0 | 4 | _aالعصر الحديث |
| 650 | 0 | 4 | _aالعراق |
| 650 | 0 | 4 | _aتاريخ ونقد |
| 942 |
_2ddc _cBK |
||
| 999 |
_c28466 _d28466 |
||